000 01568cam a22003734a 4500
001 17523309
003 OSt
005 20260122142534.0
008 121108s2013 ilu b 001 0 eng
010 _a 2012037604
020 _a9781433535895
_qhc
035 _a17523309
040 _aDLC
_cDLC
_dDLC
042 _apcc
050 0 0 _aBV652.25
_b.J36 2013
082 0 0 _a250
_223
100 1 _aJamieson, Bobby,
_d1986-
245 1 0 _aSound doctrine :
_bhow a church grows in the love and holiness of God /
_cBobby Jamieson.
260 _aWheaton, Ill. :
_bCrossway,
_cc2013.
300 _a117 p. ;
_c19 cm.
336 _atext
_btxt
_2rdacontent
337 _aunmediated
_bn
_2rdamedia
338 _avolume
_bnc
_2rdacarrier
490 0 _a9marks
504 _aIncludes bibliographical references and index.
505 0 _aSound doctrine is for life: the life of the church -- Sound doctrine is for reading and teaching the Bible -- Sound doctrine is for holiness -- Sound doctrine is for love -- Sound doctrine is for unity -- Sound doctrine is for worship -- Sound doctrine is for witness postscript: sound doctrine is for joy.
650 0 _aChurch growth.
650 0 _aTheology, Doctrinal.
776 0 8 _iOnline version:
_aJamieson, Bobby, 1986-
_tSound doctrine
_dWheaton, Ill. : Crossway, c2013
_z9781433535901
_w(DLC) 2012045638
906 _a7
_bcbc
_corignew
_d1
_eecip
_f20
_gy-gencatlg
942 _2lcc
_cBK
999 _c21122
_d21121